00761nam a2200241Ia 450000100060000000300090000600800410001504000130005604000130006904100130008210000160009510000290011124500360014024500450017625000110022126000090023226000100024126000490025130000550030050001040035565000290045965000310048817105IT-RoPAU130308s9999 xx 000 0 und d aIT-RoPAU cIT-RoPAU aITALIANO aPrenna Lino gCodice Aut. SPICS: 12490 aUcsi nella chiesa italiana (L') bUnione Cattolica Stampa Italiana 1979-80 a1a ed. aROMA bCisad c1980 [1° Ed.:1980 - Ed.Ling.Originale:1980] a"6 p. (prefazione: no ; testo: 6 [pagine: 59-64])" aVocazione Ecclesiale e Mondana fede e Storia Identità Cristiana e Professionalità Giornalistica aSAGGI DI STAMPA DI MASSA eCodice materia Spics: 6661